| 000 | 01795nam a2200337 c 4500 | ||
|---|---|---|---|
| 003 | BLK | ||
| 005 | 20200220122322.0 | ||
| 008 | 180412b bul|||||r ||||||| ||bul|| | ||
| 010 | _aKNG00010276000 | ||
| 040 | _aBLK | ||
| 041 |
_aBUL _cBUL |
||
| 080 |
_aПриродна теология. Теодицея. Религиозна философия (Общи проблеми на религията от глед. т. на философията, без връзка с конкретно вероизповедание _b21 _x(091) _z21(091) |
||
| 080 |
_aРелигии на хамитските народи _b299.3 _x _z299.3 |
||
| 100 | 1 |
_aКоростовцев, Михаил Александрович _eпърви автор _982556 |
|
| 700 | 1 |
_aГегова, Юлиана _eпрев. от рус. _9253929 |
|
| 139 |
_aКоростовцев, Михаил Александрович _bК 85 |
||
| 245 | 1 | 0 |
_aРелигията на Древен Египет _cМихаил Александрович Коростовцев; прев. от рус. Юлиана Гегова. |
| 257 | _aRUS | ||
| 260 |
_аСофия _bШамбала _c1995 _fПерник : Полиграф |
||
| 300 |
_a394 с. _c20 см |
||
| 380 | _a2 | ||
| 490 | 1 | _aСерия Египет | |
| 500 | _aОриг. загл. Религия древнего Египта / М. А. Коростовцев. - Библиогр. след отд. гл. ; Речник на по-важните имена / Д. Тонин ; Речник на термините / Р. Станчева. | ||
| 650 | 4 |
_aРелигии - Древен Египет _9253930 |
|
| 653 | _aЕгипет | ||
| 852 | _aЦб 184330 | ||
| 856 | 4 |
_qpdf _u |
|
| 856 | 4 |
_qpdf _u |
|
| 942 |
_cKNG _n0 _01 |
||
| 944 |
_aCR _c15.01.2003 _kЦветанка_Енчева |
||
| 944 |
_aED _c21.03.2005 _k |
||
| 999 |
_c8889 _d8889 |
||